Music Quiz

Random Music or Bands Quiz

Band by Live Album Quiz Stats

 Plays Quiz Updated Feb 17, 2020

Support Sporcle.
Go Orange.
Score 0/28 Timer 06:00
0 Plays Today
Name Band/artist % Correct
At Folsom PrisonJohnny Cash
90.1%
The Song Remains The SameLed Zeppelin
69.3%
Rattle and HumU2
67.8%
Get Yer Ya Ya's OutThe Rolling Stones
67.6%
Live at LeedsThe Who
61.5%
Live RustNeil Young & Crazy Horse
42.8%
Live/DeadGrateful Dead
42.7%
Stop Making SenseTalking Heads
42.4%
At BudokanCheap Trick
41.9%
Delicate Sound of ThunderPink Floyd
40.1%
From the Muddy Banks of the WishkahNirvana
38.8%
Live KillersQueen
37.2%
Live/1975–85Bruce Springsteen & the E Street Band
35.9%
Exit... Stage LeftRush
35.6%
Name Band/artist % Correct
Before the FloodBob Dylan and The Band
35.2%
‘Live’ Bullet Bob Seger & the Silver Bullet Band
32.7%
Kick Out the JamsMC5
29.9%
Made in JapanDeep Purple
25.3%
Live After DeathIron Maiden
24.5%
Double Live Gonzo!Ted Nugent
23.9%
From Here to Eternity: LiveThe Clash
23.6%
Live on Two LegsPearl Jam
23.4%
One More from the RoadLynyrd Skynyrd
17.4%
No Sleep 'til HammersmithMotörhead
17.1%
I Might Be Wrong: Live RecordingsRadiohead
14.7%
Bring on the NightSting
13%
It's AliveRamones
12.5%
Extraterrestrial LiveBlue Öyster Cult
8%

You're not logged in!

Compare scores with friends on all Sporcle quizzes.
OR
Log In

From the Vault

Top Grossing 'F' Movies

by Sheldon

They may start with F, but these movies are the top of the top.
Remove Ads.
Support Sporcle.
Get the best of Sporcle when you Go Orange. This ad-free experience offers more features, more stats, and more fun while also helping to support Sporcle. Thank you for becoming a member.

Show Comments

Extras

Top Quizzes Today


Score Distribution

Your Account Isn't Verified!

In order to create a playlist on Sporcle, you need to verify the email address you used during registration. Go to your Sporcle Settings to finish the process.

Report this User

Report this user for behavior that violates our Community Guidelines.

Details: